000 01071 a2200253 4500
003 Nust
005 20170207154014.0
020 _a1-85233-919-5 (pbk.)
020 _a978-1-85233-919-7 (pbk.)
035 _a(OCoLC)60960964
035 _a(OCoLC)ocm60960964
040 _cNust
082 0 4 _a518.02855
100 1 _aOtto, S. R.
245 1 3 _aAn introduction to programming and numerical methods in MATLAB -(EBOOK)
_cS.R. Otto, J.P. Denier
260 _aNew York ;
_aLondon :
_bSpringer,
_c2005
300 _axv, 463 s. :
_bill. ;
_c24 cm.
500 _aIncludes index.
505 _a1. Simple Calculations with MATLAB (Page-1) 2. Writing Scripts and Functions (Page-27) 3. Loops and Conditional Statements (Page- 63) 4. Root Finding(Page- 03) 5. Interpolation and Extrapolation (Page-145) 6. Matrices (Page-169) 7. Numerical Integration (Page-225) 8. Solving Differential Equations (Page-247) 9. Simulations and Random Numbers.(Page- 291)
650 7 _aNumerical analysis
_xData processing.
650 7 _aNumeriska metoder
651 _aEBOOK
700 1 _aDenier, J. P.
942 _2ddc
_cBK
999 _c191332
_d191332